000
00249nam a22001097a 4500
100
_a
Amarchitra katha
245
_a
Adventures in reading: I am special
250
_a
2004
260
_b
Amar chitre kaths pvt. Ltd.
300
_a
30
942
_2
ddc
_c
BK
999
_c
12834
_d
12834